Mots anglais commençant par A - Mort Subite - Statistiques

Statistiques générales
  • Ce quiz a été pris 429 fois
  • Le résultat moyen est 11 sur 20
Answers on the Grid
Answers color-coded by a green-red scale on the quiz's grid according to % correct below.
Bras
Armée
Réponse
Publicité
Permettre
Après
Fourmi
Encore
Contre
Agaçant
Pomme
Abricot
Accepter
Affreux
Gênant
Tante
Auteur
Acteur
Applaudissements
Amande
Abeille
Avoir
Baleine
Anglais
Chat
Ananas
Éléphant
Oncle
Mère
Français
Fraise
Oignon
Yeux
Sourire
Foie
Bière
Amour
Jeune
Armoire
Assis
 
Statistiques - réponses
Réponse % Correct
After Après
75%
Actor Acteur
72%
Apple Pomme
72%
Answer Réponse
69%
Arm Bras
67%
Accept Accepter
66%
Army Armée
66%
Aunt Tante
65%
Again Encore
62%
Against Contre
60%
Applause Applaudissements
55%
Author Auteur
55%
Apricot Abricot
53%
Ant Fourmi
52%
Advertisement Publicité
47%
Afford Permettre
45%
Almond Amande
43%
Awful Affreux
35%
Awkward Gênant
31%
Annoying Agaçant
29%
Aucun quiz correspondant
Distribution des résultats
% des personnes avec chaque résultat
Percentile par nombre de réponses
Votre historique - résultats
Vous n’avez pas pris ce quiz